00648nam a22001817a 4500003000900000008004100009040007100050082002000121245007200141260005200213300004400265440003300309505004600342650002400388650001500412650001300427700002600440AR-CdUCM190425b ||||| |||| 00| 0 spa d aMUNICIPALIDAD PROVINCIAL DEL CUSCOcBIBLIOTECA MUNICIPAL DEL CUSCO aSur/N°176/1991 aSur :bsemanario regional surandino /cGuido Delran Cousy, Director aCusco.bCentro Bartolomé de las Casas,c1991. a8 páginas. :bilustraciones ;c29 cm. aSur.nAño XIV, N°176,1991 aContenido: ¿Esta de colera el Cusco? ... aSociedad cusqueña aPolítica aSiglo XX aGodenzzi, Juan Carlos